000 00820nam a2200253Ia 4500
003 OSt
005 20220930094542.0
006 a|||||r|||| 00| 0
007 ta
008 220926b |||||||| |||| 00| 0 eng d
024 _a72174
037 _cTheses
040 _aCRL
_cCRL
_beng
041 _2eng
_aeng
100 _aTripathi Shikha Au.
_9555844
110 _aUniversity of Delhi. Faculty of Education. Department of Education
245 0 _aStudy of sixth grade children's response to literature representing the low socio economics status
260 _c2019
300 _a196p.
_ap.
_ccm.
700 _a Sinha Shobha Gu.
_9554055
700 _aUniversity of Delhi. Faculty of Education. Department of Education
942 _cDIS
_2CC
999 _c887297
_d887297